| 000 | nam a22 7a 4500 | ||
|---|---|---|---|
| 999 |
_c30360 _d30359 |
||
| 003 | OSt | ||
| 005 | 20180122113954.0 | ||
| 008 | 180122b ||||| |||| 00| 0 eng d | ||
| 020 | _a9780666361981 | ||
| 040 |
_aMMU _beng _cMMU _dMMU |
||
| 050 | _aPN 2266 .H53 2014. | ||
| 100 | _aHladki Janice | ||
| 245 |
_aTheatre and Film 2CP3: _bCulture and performance/ _cJanice Hladki |
||
| 260 |
_bCustom Publishing, _c2014 |
||
| 300 | _a204 p.: | ||
| 942 |
_2lcc _cLOAN LOAN |
||